| 000 | 01889nam a2200157 4500 | ||
|---|---|---|---|
| 008 | 700.74 SE495s | ||
| 020 | _a9597160048 | ||
| 082 |
_a700.74 _bSE495S |
||
| 100 |
_aHerrera Ysla, Nelson (edición) _97127 |
||
| 245 |
_aUno más cerca del otro: _bSéptima Bienal de La Habana. Noviembre 2000 - enero 2001 |
||
| 260 |
_aCuba _bConsejo Nacional de las Artes Plásticas _bEmpresa Comexter S.A. _c2001 |
||
| 300 |
_a242 p. _bil. _c27,5 x 22,5 cm |
||
| 505 |
_tPresentación _tUna Bienal entre dos tiempos _rRafael Acosta de Arriba _tComunicación en tiempo difíciles: uno más cerca del otro _rNelson Herrera Ysla _tInvitados _tExposiciones especiales _tEl Renacimiento Tecnológico: un concepto para el siglo XXI _rAllan Edmunds _tEl Tercer Mundo, el Sur, la gente en casa _rCorina Matamoros _tCerámica Cubana Contemporánea _rAlejandro Alonso _tJean Michel Basquiat: ficción o realidad _rProf. Dr. Elena Ochoa _tArte y comunicación: carteles cubanos de cine _rSara Vega, Alicia García _tHelio Oiticica _tTalleres de creación _tEncuentro de teoría y crítica _tEncuentro de arquitectura _tExposiciones de arquitectura cubana _tAtrapada con salida _rMaría E. Martínez Zequeira _tLa Ciudad antigua. El rescate del Centro Histórico de la Habana vieja _rMaría del Rosario Castell _tDe La Habana mañana y La Habana cotidiana _rMaría Coyula _tLa ciudad del futuro _rColectivo de autores de la Dirección Provincial de Planificación Física de la Ciudad de La Habana _tVolver a los sesenta _rEduardo Luis Rodríguez _tLos premios Nacionales de Arquitectura _rIsabel León _tMuestra _tLos premios Nacionales de Arquitectura _tEncuentro Internacional de Profesores y Estudiantes de Artes Plásticas _tIndice de Artistas por orden alfabético _tIndice de Artistas por países |
||
| 650 |
_xarte contemporáneo _xarte - Bienal _xarte - exhibiciones _xCuba _97128 |
||
| 700 |
_aRicardo Suárez, Lourdes A. (edición) _97129 |
||
| 999 |
_c1825 _d1825 |
||